Estonia under Danish Rule

Titel: Estonia under Danish Rule
Verfasser:
In: ˜Theœ North-Eastern frontiers of Medieval Europe, (2014), Seite 203-226
alle Artikel anzeigen
Veröffentlicht: 2014
Format: Aufsatz
Sprache: Englisch
Kein Bild verfügbar
X
alg: 39278758
001A    $01999:11-11-16 
001B    $01999:06-04-21 $t20:52:03.000 
001D    $01999:11-11-16 
001U    $0utf8 
001X    $00 
002@    $0Aox 
003@    $039278758X 
007A    $039278758X $aHEB 
007T    $0Herdc0104839m 
010@    $aeng 
011@    $a2014 
021A    $aEstonia under Danish Rule 
028A    $aSkyum-Nielsen $dNiels 
031A    $h203-226 $j2014 
039B    $aIn $8--Aau--. The @North-Eastern frontiers of Medieval Europe. - Farnham {[u.a.] : Ashgate, 2014. - XLIX, 389 S.. - Ill., graph. Darst., Kt.. - ISBN 978-1-4094-3680-5 $x201400000000000797 $9308263383 
045F    $a900.947980902 $eDDC23BSB 
045F/01 $a900 
045F/03 $f0902 
045F/03 $g4798 

lok: 39278758 78

exp: 39278758 78 1 #EPN
201B/01 $019-04-17 $t11:34:23.000 
201U/01 $0utf8 
203@/01 $0788897756 
208@/01 $a11-11-16 $be 
209A/01 $a/ $f000 $x00 
220C/01 $aTitelaufnehmer: kk 
220C/01 $aHerkunft: HI Marburg 
244Z/01 $2Trx $#Estija $#Igaunija $#Estland $#Estonia $#Estonia $#Estónsko $#Estonsko $8--Trx--Eesti $x01 $9391237225 
244Z/01 $2Trx $#Wierland $8--Trx--Virumaa $x02 $9391163671 
244Z/01 $aGeschichte 1238-1345 $x03 
244Z/01 $2Trx $#suhted, Eesti-Taani $#santykiai, danų ir estų $#relations, Danish-Estonian $#dán-észt kapcsolatok $#stosunki duńsko-estońskie $#vzťahy dánsko-estónske $#vztahy dánsko-estonské $8--Trx--Beziehungen, dänisch-estnische $x04 $9391357212 
244Z/01 $2Trx $#kuningad, Taani $#Danijos karaliai $#kings, Danish $#királyok, dán $#królowie duńscy $#králi dánski $#králové dánští $8--Trx--Könige, dänische $x05 $9391369660 
244Z/01 $2Trx $#lääni suhted $#leno santykiai $#Feudal relationships $#feudális kapcsolatok $#stosunki lenne $#vzťahy lénne $#vztahy lenní $#Lehnswesen $8--Trx--Lehnsbeziehungen $x06 $9391361872 
244Z/01 $2Trx $#ordud Saksa Ordu $#ordinas kryžiuočių $#order Teutonic Knights $#rendek Német Lovagrend $#zakony, krzyżacy $#rád, nemeckí rytieri $#řád, němečtí rytíři $#Deutscher Orden $#Ritterorden $#zakon krzyżacki $#zakon niemiecki $#nemeckí rytieri $8--Trx--Orden$gDeutscher Orden $x07 $9391363204 
244Z/01 $2Trx $8--Trx--Einzelbeiträge $x08 $9391384570 
245Z/01 $a06.02 $x01 
247C/01 $82080>Marburg/Lahn, Herder-Institut, Forschungsbibliothek, Bibliographieportal $9336309341
LEADER 00000caa a22000002c 4500
001 39278758X
003 DE-603
005 20210406205203.0
007 tu
008 161111s2014 xx |||| | u00||u|eng c
035 |a (DE-599)HEB39278758X 
040 |a DE-603  |b ger  |c DE-603  |d DE-603 
041 |a eng 
082 0 4 |8 1\u  |a 900.947980902  |q DE-101  |2 23/BSB 
085 |8 1\u  |b 900 
085 |8 1\u  |z 1  |s 0902 
085 |8 1\u  |z 2  |s 4798 
100 1 |a Skyum-Nielsen, Niels 
245 0 0 |a Estonia under Danish Rule 
264 0 |c 2014 
773 0 8 |i In  |t ˜Theœ North-Eastern frontiers of Medieval Europe  |d Farnham ˜[u.a.] œ: Ashgate, 2014  |h XLIX, 389 S., Ill., graph. Darst., Kt.  |z 9781409436805  |g (2014), Seite 203-226  |w (DE-603)308263383 
924 0 |9 2080  |a (DE-603)788897756  |b DE-2080  |c HES  |d d  |g /